00280 a2200109 4500001000700000020000600007040001100013100002200024240006000046245005500106362000900161163525 a  cMagnum aMurad, Jose Elias10aAlcoolismo: doenca ou disturbio de comportamento ?lpor10aAlcoolismo: doenca ou disturbio de comportamento ?0 a1899